Normal view MARC view
  • Ferriére, Adolphe,

Entry Nombre Personal

Number of records used in: 13

001 - NUMERO DE CONTROL

  • campo de control: 42134

003 - IDENTIFICADOR DE NUMERO DE CONTROL

  • campo de control: UPN

005 - FECHA Y HORA DE LA ÜLTIMA TRANSACCIÓN

  • campo de control: 20210219194616.0

008 - DATOS DE LONGITUD FIJA

  • campo de control de longitud fija: nabaccnnaabn|||||||||| b |nc|||||d

035 ## - NUMERO DE CONTROL

  • Número de control: UPN11000014241

040 ## - FUENTE DE CATALOGACIÓN

  • Lenguaje de catalogación: SPA
  • Agencia de transcripción: UPN

100 1# - ENCABEZAMIENTO - NOMBRE PERSONAL

  • Nombre personal: Ferriére, Adolphe,
  • Fechas asociadas con el nombre: 1879-1960

400 1# - VEÁSE - NOMBRE DE PERSONA

  • Personal name: Ferriére, Adolfo,
  • Dates associated with a name: 1879-1960

670 ## - FUENTE EN LA QUE SE LOCALIZARON DATOS

  • Cita de la fuente: LC

680 ## - NOTA PUBLICA DE ACCESO PÚBLICO

  • Frase explicativa de la referencia: Pedagogo suizo

902 ## - CATALOGADOR

  • Catalogador: CAA/210119